Kashmir and its monumental glory (Record no. 1980)

MARC details
000 -LEADER
fixed length control field 00571 a2200169 4500
020 ## - INTERNATIONAL STANDARD BOOK NUMBER
Terms of availability 1600.00
035 ## - SYSTEM CONTROL NUMBER
System control number B-79938
037 ## - SOURCE OF ACQUISITION
Source of stock number/acquisition RP-R-0 / ARYAN B I-03-04:101 / RP-03-04:ENG
082 14 - DEWEY DECIMAL CLASSIFICATION NUMBER
Classification number 954.11
090 ## - LOCALLY ASSIGNED LC-TYPE CALL NUMBER (OCLC); LOCAL CALL NUMBER (OCLC)
-- 2014
-- 2014
100 1# - MAIN ENTRY--PERSONAL NAME
Personal name Agarwal, R.C.
245 1# - TITLE STATEMENT
Title Kashmir and its monumental glory
Statement of responsibility, etc by R.C. Agarwal
260 ## - PUBLICATION, DISTRIBUTION, ETC. (IMPRINT)
Place of publication, distribution, etc New Delhi
Name of publisher, distributor, etc Aryan Book International
Date of publication, distribution, etc 1998
300 ## - PHYSICAL DESCRIPTION
Extent xxv, 208 p
Other physical details fig. & maps, plates, (B&W)
Dimensions 30 cm (HB)
942 ## - ADDED ENTRY ELEMENTS (KOHA)
Institution code [OBSOLETE] dpl
Koha item type English Books
Call number prefix 954.11 / AGA
Holdings
Withdrawn status Lost status Source of classification or shelving scheme Damaged status Not for loan Collection code Home library Current library Cost, normal purchase price Total Checkouts Full call number Barcode Date last seen Copy number Uniform Resource Identifier Cost, replacement price Price effective from Koha item type
    Dewey Decimal Classification     Non-fiction South Zone Lib (REF) South Zone Lib (REF) 1600.00   954.11 AGA B-79938 15/09/2008 1 2093 1600.00 15/09/2008 English Books

© Delhi Public Library
Hit Counter
free hit counter